Proceedings of '83 international conference on advanced robotics

Gorde:
Xehetasun bibliografikoak
Egile nagusia: Umetani, Yoji
Formatua: Liburua
Hizkuntza:Undetermined
Argitaratua: Tokyo JIRA 1983
Gaiak:
Etiketak: Etiketa erantsi
Etiketarik gabe, Izan zaitez lehena erregistro honi etiketa jartzen!
Thư viện lưu trữ: Trung tâm Học liệu Trường Đại học Cần Thơ
LEADER 00489nam a2200181Ia 4500
001 CTU_82638
008 210402s9999 xx 000 0 und d
082 |a 670.4272 
082 |b U48 
100 |a Umetani, Yoji 
245 0 |a Proceedings of '83 international conference on advanced robotics 
245 0 |c Yoji Umetani 
260 |a Tokyo 
260 |b JIRA 
260 |c 1983 
650 |a Robotics 
904 |i QHieu(sửa) 
980 |a Trung tâm Học liệu Trường Đại học Cần Thơ